000 00526cam a22001932 4500
001 0000023870
005 20151217152250.0
008 130411s xx 000 0 eng d
020 _a0195734782 :
040 _aKABU
_cKABU
100 1 _aMumbo, Nyenyo Kenga.
_@0000183627
245 1 0 _aKosa si kosa? /
_cNyenyo Kenga Mumbo.
250 _a1st ed.
260 _aNairobi :
_bOxford,
_c2009.
300 _aviii, 64 p.
852 1 _9p300 KES
908 _a130411
950 _@1
999 _c10025
_d10025